Magnetic resonance in chemistry and biology (Record no. 27018)

MARC details
000 -LEADER
fixed length control field 00329nam a2200121Ia 4500
082 ## - DEWEY DECIMAL CLASSIFICATION NUMBER
Classification number 537.635
Item number HER
245 #0 - TITLE STATEMENT
Title Magnetic resonance in chemistry and biology
260 ## - PUBLICATION, DISTRIBUTION, ETC. (IMPRINT)
Place of publication New York
Name of publisher Marcel Dekker
Year of publication 1975
700 ## - ADDED ENTRY--PERSONAL NAME
Personal name Adamic, Kresimir J
700 ## - ADDED ENTRY--PERSONAL NAME
Personal name Herak, Janko N
942 ## - ADDED ENTRY ELEMENTS (KOHA)
Koha item type Books
Holdings
Withdrawn status Lost status Damaged status Not for loan Home library Current library Date acquired Cost, normal purchase price Full call number Accession Number Koha item type
        RRII Library RRII Library 16/12/2021 34.00 537.635 HER 07649 Books